书目信息 |
| 题名: |
英国
|
|
| 作者: | 王振华 编著 | |
| 分册: | ||
| 出版信息: | 北京 社会科学文献出版社 2011.03 |
|
| 页数: | 17,520页 | |
| 开本: | 21cm | |
| 丛书名: | 列国志 | |
| 单 册: | ||
| 中图分类: | K956.1 | |
| 科图分类: | ||
| 主题词: | ||
| 电子资源: | ||
| ISBN: | 978-7-5097-1873-5 | |
| 000 | 01037oam2 2200313 450 | |
| 001 | 010020000246 | |
| 005 | 20120619160334.89 | |
| 010 | @a978-7-5097-1873-5@dCNY45.00 | |
| 100 | @a20110413d2011 em y0chiy50 ea | |
| 101 | 0 | @achi |
| 102 | @aCN@b110000 | |
| 105 | @abf z 000yy | |
| 106 | @ar | |
| 200 | 1 | @a英国@9ying guo@f王振华编著 |
| 205 | @a2版 | |
| 210 | @a北京@c社会科学文献出版社@d2011.03 | |
| 215 | @a17,520页@c地图,图版(7页)@d21cm | |
| 225 | 2 | @a列国志 |
| 300 | @a中国社会科学院重大课题 国家“十五”重点出版项目 | |
| 312 | @a封面英文题名:Britain | |
| 330 | @a英国是近代资产阶级革命和工业革命的发祥地,昔日有“世界工厂”之称的强国。迄今虽已相对衰落,但仍以基础深厚的综合国力,扮演着当代世界大国的角色。本书从自认到人文,从历史到现实,全面的向读者介绍英国的国情。 | |
| 461 | 0 | @12001 @a列国志 |
| 510 | 1 | @aBritain@zeng |
| 607 | @a英国@x概况 | |
| 607 | @a英国 | |
| 690 | @aK956.1@v4 | |
| 701 | 0 | @a王振华@9wang zhen hua@4编著 |
| 801 | 0 | @aCN@bRENTIAN@c20110413 |
| 905 | @b540254-58@dK956.1@e195=2@f5 | |
| 英国/王振华编著.-2版.-北京:社会科学文献出版社,2011.03 |
| 17,520页:地图,图版(7页);21cm.-(列国志) |
| 中国社会科学院重大课题 国家“十五”重点出版项目 |
| ISBN 978-7-5097-1873-5:CNY45.00 |
| 英国是近代资产阶级革命和工业革命的发祥地,昔日有“世界工厂”之称的强国。迄今虽已相对衰落,但仍以基础深厚的综合国力,扮演着当代世界大国的角色。本书从自认到人文,从历史到现实,全面的向读者介绍英国的国情。 |
| ● |
| 相关链接 |
|
|
|
|
正题名:英国
索取号:K956.1/195=2
 
预约/预借
| 序号 | 登录号 | 条形码 | 馆藏地/架位号 | 状态 | 备注 |
| 1 | 540254 | 205402544 | 第二样本阅览室/ [索取号:K956.1/195=2] | 在馆 | |
| 2 | 540255 | 205402553 | 第二借阅区/ [索取号:K956.1/195=2] | 在馆 | |
| 3 | 540256 | 205402562 | 密集书库-史法系/ [索取号:K956.1/195=2] | 在馆 | |
| 4 | 540257 | 205402571 | 第二借阅区/ [索取号:K956.1/195=2] | 在馆 | |
| 5 | 540258 | 205402580 | 第二借阅区/ [索取号:K956.1/195=2] | 在馆 |